000 00419nam a2200157Ia 4500
008 210210b1969 xxu||||| |||| 00| 0 eng d
082 _a547 FERT
100 _aFERGUSON (Lloyd N).
245 _aText book of organic chemistry.Ed2.
250 _a
260 _aN D
_bAffiliated East-West Prees Pvt. Ltd.
_c1969
300 _axii,755
650 _aOrganic chemistry
690 _aOrganic Chemistry
906 _aCC00034
999 _c109257
_d109257